000 00586nam a2200205Ii 4500
003 JO-AjNU
008 230606s9999||||xx |||||||||||||| ||und||
020 _a978--8184893960
040 _aJO-AjNU
_beng
_erda
_cJO-AjNU
041 _aeng
050 1 4 _aQA303.2007
100 3 _aManna,Zohar/Bradley,Aaron,
_eauthor
_95189
245 0 4 _aThe calculus of computation
264 3 1 _aBriline:springer,2007
300 _a365p
336 _atext
_btxt
_2rdacontent
337 _aunmediated
_bn
_2rdamedia
338 _avolume
_bnc
_2rdacarrier
650 4 _aThe calculus of computation
_95190
999 _aE2682
_c2680
_d2680